Broderick Crawford Filmography - Statistics

General Stats
  • This quiz has been taken 3 times
  • The average score is 35 of 161
Answer Stats
Type Year Name % Correct
Film 1949 All the King's Men
67%
Film 1966 The Oscar
67%
Film 1964 A House Is Not a Home
33%
Film 1949 A Kiss in the Dark
33%
Film 1939 Ambush
33%
Film 1949 Anna Lucasta
33%
Film 1941 Badlands of Dakota
33%
Film 1949 Bad Men of Tombstone
33%
TV Show 1958 Bat Masterson
33%
Film 1939 Beau Geste
33%
Film 1956 Between Heaven and Hell
33%
Film 1955 Big House, U.S.A.
33%
Film 1946 Black Angel
33%
Film 1950 Born Yesterday
33%
Theater 1979 Born Yesterday
33%
Film 1942 Broadway
33%
Film 1942 Butch Minds the Baby
33%
Film 1950 Cargo to Capetown
33%
Radio Series 1953 Cavalcade of America
33%
Film 1950 Convicted
33%
Film 1962 Convicts 4
33%
Film 1954 Down Three Dark Streets
33%
Film 1972 Embassy
33%
Film 1939 Eternally Yours
33%
TV Show 1969 Get Smart
33%
Film 1960 Goliath and the Dragon
33%
Film 1970 Gregorio and His Angel
33%
Film 1980 Harlequin
33%
Film 1970 Hell's Bloody Devils
33%
TV Show 1955-1959 Highway Patrol
33%
Radio Series 1952 Hollywood Star Playhouse
33%
Film 1954 Human Desire
33%
Film 1940 I Can't Give You Anything But Love, Baby
33%
Film 1939 Island of Lost Men
33%
Short Film 1942 Keeping Fit
33%
Film 1966 Kid Rodelo
33%
TV Show 1969 Land of the Giants
33%
Film 1942 Larceny, Inc.
33%
Film 1953 Last of the Comanches
33%
Film 1982 Liar's Moon
33%
Film 1952 Lone Star
33%
TV Film 1976 Look What's Happened to Rosemary's Baby
33%
Film 1970 Maharlika
33%
Short Film 1955 Man on a Bus
33%
TV Film 1976 Mayday at 40,000 Feet!
33%
Film 1942 Men of Texas
33%
Film 1966 Mutiny at Fort Sharpe
33%
Film 1954 Night People
33%
Film 1949 Night Unto Night
33%
Film 1942 North to the Klondike
33%
Film 1955 Not as a Stranger
33%
Film 1963 No Temas a La Ley
33%
Film 1977 Proof of the Man
33%
Film 1952 Rainbow 'Round My Shoulder
33%
Film 1970 Ransom Money
33%
TV Show 1964 Rawhide
33%
Film 1967 Red Tomahawk
33%
Film 1952 Scandal Street
33%
Short Documentary 1951 Screen Snapshots: Hollywood Awards
33%
Film 1948 Sealed Verdict
33%
Film 1940 Seven Sinners
33%
Film 1942 Sin Town
33%
Film 1947 Slave Girl
33%
Film 1939 Slightly Honorable
33%
Film 1941 South of Tahiti
33%
Film 1961 Square of Violence
33%
Film 1938 Start Cheering
33%
Film 1952 Stop, You're Killing Me
33%
Film 1939 Sudden Money
33%
Radio Series 1954 Suspense
33%
Film 1973 Terror in the Wax Museum
33%
Film 1940 Texas Rangers Ride Again
33%
Film 1941 The Black Cat
33%
Film 1972 The Candidate
33%
Film 1963 The Castilian
33%
Film 1981 The Creature Wasn't Nice
33%
Film 1958 The Decks Ran Red
33%
Film 1956 The Fastest Gun Alive
33%
Film 1947 The Flame
33%
Film 1979 The Hughes Mystery
33%
Film 1953 The Last Posse
33%
Film 1951 The Mob
33%
Film 1970 The Naughty Cheerleader
33%
TV Film 1974 The Phantom of Hollywood
33%
Film 1977 The Private Files of J. Edgar Hoover
33%
Film 1939 The Real Glory
33%
Film 1980 There Goes the Bride
33%
Film 1946 The Runaround
33%
Film 1955 The Swindle
33%
Film 1966 The Texican
33%
Film 1948 The Time of Your Life
33%
Film 1982 The Uppercrust
33%
TV Show 1963 The Virginian
33%
Film 1966 The Vulture
33%
Film 1970 The Yin and the Yang of Mr. Go
33%
Film 1941 Tight Shoes
33%
Film 1940 Trail of the Vigilantes
33%
Film 1939 Undercover Doctor
33%
Film 1965 Up from the Beach
33%
Film 1940 When the Daltons Rode
33%
Film 1937 Woman Chases Man
33%
Film 1976 Won Ton Ton, the Dog Who Saved Hollywood
33%
TV Film 1972 Adventures of Nick Carter
0%
TV Show 1972 Alias Smith and Jones
0%
TV Show 1963 Arrest and Trial
0%
TV Film 1971 A Tattered Web
0%
TV Show 1973 Banacek
0%
TV Show 1964, 1965, 1966 Bob Hope Presents the Chrysler Theatre
0%
TV Show 1970 Bracken's World
0%
TV Show 1964 Burke's Law
0%
TV Show 1971 Cade's County
0%
Commercial 1977 Canada Dry
0%
TV Show 1977 CHiPs
0%
TV Show 1967 Cimarron Strip
0%
TV Show 1976 City of Angels
0%
TV Show 1972 Comedy Bag
0%
TV Show 1955 Damon Runyon Theater
0%
TV Show 1953 Danger
0%
Documentary 1984 Dealers in Death: Hollywood's Crime Wave
0%
Documentary 1984 Dealers in Death: Murder and Mayhem in America
0%
TV Show 1964 Destry
0%
TV Show 1981 Fantasy Island
0%
TV Show 1978 Flying High
0%
TV Show 1953 Four Star Playhouse
0%
TV Show 1953 General Electric Theater
0%
TV Show 1974 Harry O
0%
TV Show 1976 Hunter
0%
TV Show 1969 Ironside
0%
TV Show 1970 It Takes a Thief
0%
TV Show 1973 Jigsaw
0%
TV Show 1961-1962 King of Diamonds
0%
TV Show 1963 Kraft Mystery Theater
0%
TV Show 1965 Kraft Suspense Theatre
0%
TV Show 1969 Love, American Style
0%
TV Show 1952, 1953 Lux Video Theatre
0%
TV Show 1975 Medical Story
0%
TV Show 1972 Night Gallery
0%
Theater 1937-1938 Of Mice and Men
0%
TV Film 1974 Paradise
0%
Theater 1935 Point Valaine
0%
TV Show 1955 Producers' Showcase
0%
TV Show 1977 Saturday Night Live
0%
TV Show 1953, 1954 Schlitz Playhouse
0%
TV Show 1982 Simon & Simon
0%
Theater 1935 Sweet Mystery of Life
0%
TV Show 1956 Telephone Time
0%
TV Film 1970 The Challenge
0%
TV Show 1952, 1955 The Colgate Comedy Hour
0%
Radio Series 1953 The Doris Day Show
0%
TV Show 1953 The Ford Television Theatre
0%
TV Show 1951 The Frank Sinatra Show
0%
TV Show 1967 The Girl from U.N.C.L.E.
0%
TV Show 1970-1971 The Interns
0%
TV Show 1952 The Kate Smith Evening Hour
0%
TV Show 1971 The Man and the City
0%
TV Show 1967 The Man from U.N.C.L.E.
0%
TV Show 1953 The Milton Berle Show
0%
TV Show 1968, 1969 The Name of the Game
0%
TV Show 1965 The Rogues
0%
TV Show 1959 The Rough Riders
0%
TV Show 1981 Vega$
0%
No matching quizzes found
Score Distribution
Percent of People with Each Score
Percentile by Number Answered
Your Score History
You have not taken this quiz